Alphabetical Threesomes II Quiz Stats

Quiz Updated Sep 23, 2016

Challenge
Share
Tweet
Embed
Score 0/54 Timer 06:00
5 Plays Today
% Correct
Tomato
94%
Lettuce
93.8%
Bacon
93.7%
Alvin
93.5%
England
92.5%
Wales
92.1%
Scotland
91.4%
Bart
91.1%
The
91.1%
An
90.7%
Queen
90.3%
A
90.1%
Jack
89.9%
Maggie
90%
Louie
89.8%
Lisa
89.6%
Huey
89.1%
We Didn't Start the Fire
88.9%
King
88.1%
Theodore
88.1%
Dewey
88%
It's Still Rock and Roll to Me
87.8%
Radiation
87.2%
Preakness Stakes
87.2%
Tell Her About It
87.1%
Kentucky Derby
87.1%
Convection
86.8%
% Correct
Moe
86.1%
Cain
86%
Belmont Stakes
85.9%
Abel
85.9%
Simon
85.6%
Conduction
85.1%
United States
85%
Larry
84.7%
Curly
84.4%
Bella
83.9%
Cardiac
83.4%
Canada
83.2%
Vishnu
82.9%
Edward
82.7%
Mexico
82.2%
Lithuania
81.6%
Jacob
81%
Shiva
80.4%
Estonia
79.9%
Latvia
79.5%
Brahma
78.8%
Malaysia
78%
Skeletal
76.2%
Smooth
75.9%
Indonesia
75.1%
Brunei
73.3%
Seth
69.9%

You're not logged in!

Compare scores with friends on all Sporcle quizzes.
Join for Free
OR
Log In

You Might Also Like...

Show Comments

Extras

Top Quizzes Today


Score Distribution

Your Account Isn't Verified!

In order to create a playlist on Sporcle, you need to verify the email address you used during registration. Go to your Sporcle Settings to finish the process.

Report this User

Report this user for behavior that violates our Community Guidelines.

Details: